My Bible friends / (Record no. 7190)

MARC details
000 -LEADER
fixed length control field 00602nam a22001937a 4500
003 - CONTROL NUMBER IDENTIFIER
control field GBCCL
005 - DATE AND TIME OF LATEST TRANSACTION
control field 20241126110622.0
008 - FIXED-LENGTH DATA ELEMENTS--GENERAL INFORMATION
fixed length control field 180718b ||||| |||| 00| 0 eng d
020 ## - INTERNATIONAL STANDARD BOOK NUMBER
International Standard Book Number 0830715673
040 ## - CATALOGING SOURCE
Transcribing agency gbc
082 ## - DEWEY DECIMAL CLASSIFICATION NUMBER
Classification number 268.432
Item number BIB
245 ## - TITLE STATEMENT
Title My Bible friends /
Statement of responsibility, etc. Edited by Lynnette Pennings
300 ## - PHYSICAL DESCRIPTION
Extent 248 p.;
Other physical details ill.,
Dimensions 28 cm.
500 ## - GENERAL NOTE
General note For use in Churchtime, Midweek, Evening or Day School Ministries with Young Children (Ages 2-5)
501 ## - WITH NOTE
With note Leader's Guide
650 ## - SUBJECT ADDED ENTRY--TOPICAL TERM
Topical term or geographic name entry element Bible Stories, English
9 (RLIN) 1346
650 ## - SUBJECT ADDED ENTRY--TOPICAL TERM
Topical term or geographic name entry element Bible Stories
General subdivision Juvenile literature
9 (RLIN) 12720
942 ## - ADDED ENTRY ELEMENTS (KOHA)
Source of classification or shelving scheme Dewey Decimal Classification
Koha item type Books
Holdings
Withdrawn status Lost status Source of classification or shelving scheme Damaged status Not for loan Home library Current Library Shelving location Date acquired Total checkouts Full call number Barcode Date last seen Copy number Price effective from Koha item type
    Dewey Decimal Classification     GRACE BIBLE COLLEGE GRACE BIBLE COLLEGE Ministry & Mission 2018-07-18   268.432 BIB 006009 2025-05-01 c.1 2018-07-18 Books
© Grace Bible College Library 2025